| 000 | 01873nam0a2200337 4500 | ||
|---|---|---|---|
| 001 | RU\NLR\b_ik\187138 | ||
| 005 | 20260408152730.0 | ||
| 010 |
_a978-5-9530-0258-5 _9235 |
||
| 035 | _a(NLR Aleph) 002259645 | ||
| 090 |
_a3801500 _c3801500 |
||
| 100 | _a20101122d2010 k y0rusy50 ca | ||
| 101 | 0 | _aeng | |
| 102 | _aRU | ||
| 105 | _ay ||||||||| | ||
| 200 | 1 |
_a6th International workshop on critical point and onset of deconfinement, JINR, Dubna, August 23-29, 2010 and HIC-for-FAIR school and Workshop "Dense QCD phases in heavy-ion collisions", JINR, Dubna, August 21 - September 4, 2010 _ebooklet of abstracts |
|
| 210 |
_aDubna _cJoint inst. for nuclear research _d2010 |
||
| 215 |
_a124 с. _d22 |
||
| 320 | _aБиблиогр. в конце ст. | ||
| 606 | 1 |
_aКвантовая хромодинамика _jСъезды, совещания и т.п. _9912362 _3RU\NLR\AUTH\6613752 |
|
| 606 | 1 |
_aТяжелые ионы _jСъезды, совещания и т.п. _xСтолкновения _92211873 _3RU\NLR\AUTH\661328675 |
|
| 606 |
_aКритические явления (физ.) _jСъезды, совещания и т.п. _3RU\NLR\AUTH\6618883 _9921326 |
||
| 686 | 1 | _aВ382.145я431(0) | |
| 686 | 1 | _aВ383.56я431(0) | |
| 686 | 1 | _aВ365.513я431(0) | |
| 710 | 1 | 2 |
_8eng _aInternational workshop on critical point and onset of deconfinement _d6 _f2010 _eDubna _7ba _3RU\NLR\AUTH\8810171741 _9839315 |
| 711 | 1 | 2 |
_8eng _a"Dense QCD phases in heavy-Ion collisions", HIC-for-FAIR school and workshop _f2010 _eDubna _7ba _3RU\NLR\AUTH\8810171745 _9839322 |
| 801 | 0 |
_aRU _bNLR _c20101122 _gRCR |
|
| 830 | _a6-й международный семинар по критическим точкам и вылетанию. Школа-семинар "Плотные КХД в столковениях тяжелых ионов" | ||
| 942 | _cBOOK | ||
| 980 | _aNB | ||